000 00304nam a2200121Ia 4500
008 220204s9999 xx 000 0 und d
082 _a336.764.2:336.745
_bEIN
100 _aEINZIG, Paul
245 0 _aDynamic theory of forward exchange
250 _a2
260 _aLondon
_bMacmillan
_c1975
942 _cBK
999 _c31792
_d31792